000 00588cam a2200217 a 4500
001 4771778
005 20180222065818.0
008 861024s1987 nyua b 001 0 eng
010 _a 86047812
020 _a0814458963 :
_c$14.95
040 _aDLC
_cDLC
_dDLC
041 _aeng
080 _a658.40355 HUD
082 0 0 _a658.40355 HUD
_219
100 1 _a58
101 _aBIZ
245 1 0 _aBusiness without economists :
_cWilliam J. Hudson.
504 _aBibliography: p. 167-169.
906 _a7
_bcbc
_corignew
_d1
_eocip
_f19
_gy-gencatlg
942 _2ddc
_cBK
999 _c43179
_d43179